00350nam a22001337a 450000500170000000800410001704100130005808200160007110000130008724500540010026000100015430000260016465000260019020231129130612.0231129b |||||||| |||| 00| 0 eng d aEnglish  a340.06 PRA  lEnglish  aPractical Legal Training for Candidate Attorneys  c1996  b9 pages ; c30,3 cm.  aLegal practicesbLaw